000 00733cam a22002294a 4500
003 OSt
005 20150903114400.0
008 000607s2001 mauab b 001 0 eng
020 _a0072314990
040 _aSEKU
050 0 0 _aHD 30.28
_b.T43 2001
100 1 _aThompson, Arthur A.
245 1 0 _aStrategic management :
_bconcepts and cases /
_cArthur A. Thompson, Jr., A.J. Strickland, III.
250 _a12th ed.
260 _aBoston, Mass. :
_bMcGraw-Hill/Irvin,
_c2001.
300 _a1 v. (various pagings) :
_bcol. ill., maps
504 _aIncludes bibliographical references and indexes.
650 0 _aStrategic planning.
650 0 _aStrategic planning
_xCase studies.
700 1 _aStrickland, A. J.
942 _2lcc
_cGEN
999 _c8650
_d8650